000 05150nam a22005177a 4500
005 20110630114050.0
010 _aENG-102757 B-456418-439
020 _c175.00
_a9788189005559
035 _aEN-86290 B-456418-439
037 _bDBAD / PUB
037 _bAllied Pub/Ven
082 _a540.07
100 _aBhalla, V.K.
_946346
245 _aTeaching of chemistry /
_cby V.K. Bhalla
260 _aNew Delhi
_bSaurabh Publishing House
_c2011
270 _a4263/3, Ansari Road, Darya Ganj
_bNew Delhi
_e110002
300 _a230p.
_c22cm (pbk)
500 _aIncludes bibliographical references and Index
700 _928520
710 _928535
942 _2ddc
_cEN
_mBHA
_h540.07
999 _c53462
_d53462